[Event "IsBank TCh-TUR"]
[Site "Konya TUR"]
[Date "2010.07.05"]
[Round "8"]
[White "Bal,Sevgican"]
[Black "Aslan,C"]
[Result "1-0"]
[WhiteElo "1609"]
[BlackElo "1572"]
[EventDate "2010.06.29"]

1. d4 Nf6 2. Nf3 g6 3. Bg5 Bg7 4. Nbd2 O-O 5. e4 d6 6. c3 Nbd7 7. Bc4 e5 8.
O-O Re8 9. Re1 Nf8 10. Bh4 h6 11. Qb3 Be6 12. dxe5 dxe5 13. Rad1 N8d7 14.
Bxe6 Rxe6 15. Nc4 Qe8 16. Bxf6 Rxf6 17. Qxb7 Nc5 18. Qd5 Ne6 19. Qd7 Nc5
20. Qxe8+ Rxe8 21. Rd5 Nb7 22. Rxe5 Rxe5 23. Ncxe5 Nc5 24. Nc4 Rf4 25. h3
Rxe4 26. Rxe4 Nxe4 27. Nfe5 Nd2 28. Nxd2 Bxe5 29. Nc4 Bg7 30. Na3 a6 31.
Kf1 f5 32. Ke2 Kf7 33. Kd3 Ke6 34. Nc4 g5 35. Ne3 f4 36. Nc2 Ke5 37. Nb4 c5
38. Nxa6 Bf8 39. b4 cxb4 40. Nxb4 h5 41. a4 g4 42. hxg4 h4 43. f3 1-0

[Event "IsBank TCh-TUR"]
[Site "Konya TUR"]
[Date "2010.07.05"]
[Round "8"]
[White "Sanikidze,T"]
[Black "Mchedlishvili,M"]
[Result "1/2-1/2"]
[WhiteElo "2569"]
[BlackElo "2630"]
[EventDate "2010.06.29"]

1. d4 d5 2. c4 e6 3. Nf3 Nf6 4. Nc3 Be7 5. Bg5 h6 6. Bh4 O-O 7. e3 Ne4 8.
Bxe7 Qxe7 9. Rc1 c6 10. Bd3 Nxc3 11. Rxc3 dxc4 12. Bxc4 Nd7 13. O-O e5 14.
Bb3 Re8 15. dxe5 Nxe5 16. Nxe5 Qxe5 17. Qe2 Be6 18. Bxe6 Qxe6 19. a3 Rad8
20. Rd1 Qf6 21. Rcd3 Rxd3 22. Rxd3 Rd8 23. Rxd8+ Qxd8 24. g3 g6 25. Kg2 h5
26. h4 Qd7 27. Qc4 a6 28. b4 Qe7 29. Qd4 Qe6 30. Qd3 Qe7 1/2-1/2

[Event "IsBank TCh-TUR"]
[Site "Konya TUR"]
[Date "2010.07.05"]
[Round "8"]
[White "Gelashvili,T"]
[Black "Arutinian,D"]
[Result "1/2-1/2"]
[WhiteElo "2614"]
[BlackElo "2566"]
[EventDate "2010.06.29"]

1. c4 e6 2. Nf3 Nf6 3. d4 d5 4. Nc3 Bb4 5. cxd5 exd5 6. Bg5 O-O 7. e3 c5 8.
dxc5 Bxc3+ 9. bxc3 Be6 10. Bb5 h6 11. Bxf6 Qxf6 12. Qd4 Qe7 13. Nd2 Rc8 14.
Nb3 a6 15. Ba4 b5 16. cxb6 Rc4 17. b7 Qxb7 18. Qd1 Rxa4 19. Nc5 Qb5 20.
Nxa4 Bd7 21. Rb1 Qxa4 22. Qxd5 Bc6 23. Qd8+ Kh7 24. Rxb8 Rxb8 25. Qxb8 Bb5
26. Qd6 Qxa2 27. Qd2 Qa1+ 28. Qd1 Qxc3+ 29. Qd2 Qa1+ 30. Qd1 Qc3+ 1/2-1/2

[Event "IsBank TCh-TUR"]
[Site "Konya TUR"]
[Date "2010.07.05"]
[Round "8"]
[White "Goksel,D"]
[Black "Arduman,C"]
[Result "1/2-1/2"]
[WhiteElo "2253"]
[BlackElo "2335"]
[EventDate "2010.06.29"]

1. Nf3 Nf6 2. c4 g6 3. g3 Bg7 4. Bg2 c6 5. d4 O-O 6. O-O d5 7. b3 a5 8. Bb2
Bf5 9. Nbd2 a4 10. Nh4 Be6 11. Nhf3 Bf5 12. Nh4 Be6 13. Nhf3 Bf5 14. Nh4
1/2-1/2

[Event "IsBank TCh-TUR"]
[Site "Konya TUR"]
[Date "2010.07.05"]
[Round "8"]
[White "Bayram,Y"]
[Black "Afyoncu,O"]
[Result "0-1"]
[WhiteElo "2288"]
[BlackElo "2087"]
[EventDate "2010.06.29"]

1. d4 g6 2. c4 f5 3. Nc3 Nf6 4. g3 Bg7 5. Bg2 O-O 6. Nf3 d6 7. O-O Qe8 8.
b3 Nc6 9. Ba3 Ne4 10. Nd5 Qd8 11. Rc1 g5 12. e3 g4 13. Nd2 Ng5 14. c5 Bd7
15. cxd6 cxd6 16. Nf4 Rc8 17. h4 gxh3 18. Bd5+ e6 19. Bh1 e5 20. dxe5 Nxe5
21. Rxc8 Bxc8 22. Nh5 Qa5 23. Bc1 Be6 24. Nxg7 Kxg7 25. Bb2 Kg6 26. Bxe5
dxe5 27. Nf3 Nxf3+ 28. Qxf3 Rf7 29. Rd1 Qc7 30. Kh2 b6 31. Qa8 Kg7 32. Rd8
e4 33. Rg8+ Kh6 34. Re8 Qd6 35. Rd8 Qe5 36. Qc6 Rc7 37. Qe8 Rc2 38. Qf8+
Kh5 39. Qe8+ Kg4 40. Bf3+ exf3 41. Rd4+ Qxd4 42. exd4 Rxf2+ 43. Kh1 Kxg3
0-1

[Event "IsBank TCh-TUR"]
[Site "Konya TUR"]
[Date "2010.07.05"]
[Round "8"]
[White "Dincel,M"]
[Black "Tsatsalashvili,K"]
[Result "0-1"]
[WhiteElo "1824"]
[BlackElo "2257"]
[EventDate "2010.06.29"]

1. c4 e6 2. Nc3 Bb4 3. Qc2 Nf6 4. e4 Nc6 5. Nf3 e5 6. a3 Bc5 7. h3 d6 8. d3
h6 9. Ne2 a5 10. Bd2 Nh7 11. Ng3 Ng5 12. Qd1 Nxf3+ 13. Qxf3 Nd4 14. Qd1 O-O
15. Be3 a4 16. Bxd4 Bxd4 17. Qd2 f5 18. O-O-O f4 19. Nf5 Bxf5 20. exf5 b5
21. Qe1 b4 22. Kc2 bxa3 23. bxa3 Rb8 24. Rb1 c5 25. Rb5 Rxb5 26. cxb5 Qd7
27. Be2 Qxb5 28. Qb1 Qa5 29. Qa2+ Kh8 30. Rb1 Qc3+ 31. Kd1 Bxf2 32. Bf1 Bh4
33. Rc1 Qe1+ 34. Kc2 Qf2+ 35. Kb1 Rb8+ 0-1

[Event "IsBank TCh-TUR"]
[Site "Konya TUR"]
[Date "2010.07.05"]
[Round "8"]
[White "Tulay,B"]
[Black "Aydogdu,E"]
[Result "0-1"]
[WhiteElo "2163"]
[BlackElo "1999"]
[EventDate "2010.06.29"]

1. e4 c5 2. Nc3 a6 3. a4 Nc6 4. f4 e6 5. Bc4 Nge7 6. d3 d5 7. Ba2 g6 8. Nf3
Bg7 9. O-O Rb8 10. Qe1 Nd4 11. Nxd4 cxd4 12. Nd1 O-O 13. Nf2 dxe4 14. dxe4
Bd7 15. Bb3 Nc6 16. a5 Ne7 17. Nd3 Rc8 18. Rf3 Bb5 19. Rh3 Bxd3 20. cxd3
Rc5 21. g4 Nc6 22. Bd2 Re8 23. Ba4 b5 24. axb6 Qxb6 25. b4 Rc3 26. Qf2 Qb7
27. e5 Rc8 28. Bxc3 dxc3 29. d4 Nxb4 30. Qh4 c2 31. Qe1 Na2 32. Bxc2 Rxc2
33. Rg3 Qd5 34. Qd1 Nb4 35. Ra4 Rc4 36. Rb3 Rxd4 37. Qe2 Qxb3 0-1

[Event "IsBank TCh-TUR"]
[Site "Konya TUR"]
[Date "2010.07.05"]
[Round "8"]
[White "Serin,S"]
[Black "Benzetsel,E"]
[Result "1-0"]
[WhiteElo "1719"]
[BlackElo "1770"]
[EventDate "2010.06.29"]

1. d4 Nf6 2. Nc3 d5 3. Bg5 c5 4. e4 dxe4 5. dxc5 Bf5 6. Qxd8+ Kxd8 7.
O-O-O+ Nbd7 8. Bb5 Rc8 9. b4 a5 10. a3 axb4 11. axb4 h6 12. Bf4 Ra8 13.
Nge2 Kc8 14. Na4 g5 15. Bg3 Bg7 16. Nec3 Be6 17. c6 bxc6 18. Bxc6 Ra7 19.
b5 Rb7 20. Rhe1 Nh5 21. Bxb7+ Kxb7 22. Rxe4 Nhf6 23. Re3 1-0

[Event "IsBank TCh-TUR"]
[Site "Konya TUR"]
[Date "2010.07.05"]
[Round "8"]
[White "Tulay,S"]
[Black "Kaplan,E"]
[Result "0-1"]
[WhiteElo "1788"]
[BlackElo "1799"]
[EventDate "2010.06.29"]

1. e4 c5 2. Nf3 d6 3. d4 cxd4 4. Nxd4 Nf6 5. Nc3 g6 6. Be2 Bg7 7. Be3 Nc6
8. O-O O-O 9. Nb3 Be6 10. f4 Qc8 11. h3 h5 12. Kh2 Rd8 13. Bf3 Nb4 14. a3
Na6 15. Rg1 d5 16. exd5 Nxd5 17. Nxd5 Bxd5 18. Bxd5 e6 19. Bxb7 Qxb7 20.
Qe2 Nc7 21. Rab1 Nd5 22. Bd2 Rac8 23. Qe4 Qb8 24. Rgc1 Bh6 25. g3 Bg7 26.
Qf3 Rc4 27. Na5 Rd4 28. Be1 Ne7 29. c4 Rd3 30. Qe2 0-1

[Event "IsBank TCh-TUR"]
[Site "Konya TUR"]
[Date "2010.07.05"]
[Round "8"]
[White "Karabayir,M"]
[Black "Buyukasik,D"]
[Result "0-1"]
[WhiteElo "1867"]
[BlackElo "2034"]
[EventDate "2010.06.29"]

1. e4 c5 2. Nf3 d6 3. d4 cxd4 4. Qxd4 a6 5. c4 Nc6 6. Qd2 Nf6 7. Nc3 e6 8.
b3 Be7 9. Bb2 O-O 10. Be2 b6 11. O-O Bb7 12. Rad1 Rc8 13. Rfe1 Qc7 14. Bf1
Rfd8 15. h3 Rd7 16. a3 Rcd8 17. Qe3 Ne5 18. Nxe5 dxe5 19. Rxd7 Rxd7 20. Na4
Nxe4 21. Qxb6 Bc5 22. Qxc7 Bxf2+ 23. Kh2 Bg3+ 24. Kg1 Rxc7 25. Rd1 h6 26.
b4 f6 27. c5 Kf7 28. Nb6 Bf2+ 29. Kh2 Ng3 30. Bc4 Nf5 31. Rd7+ Rxd7 32.
Nxd7 Ne3 33. Be2 Nxg2 34. Bxa6 Bxa6 35. Kxg2 Be1 36. Nb8 Bb5 37. c6 Ke7 38.
c7 Bd7 39. b5 Kd6 40. b6 Ba5 41. a4 Bxb6 42. Ba3+ Kxc7 43. Nxd7 Kxd7 44.
Bf8 g6 45. Bxh6 Ba5 46. Kf3 Kd6 47. Ke4 f5+ 48. Kd3 Kd5 49. Bg5 e4+ 50. Ke2
e5 51. Bf6 f4 52. Bg5 Kd4 53. Bh6 Bb6 54. Bf8 f3+ 55. Kf2 Kd3+ 56. Kg3 f2
57. Kg2 Ke2 0-1

[Event "IsBank TCh-TUR"]
[Site "Konya TUR"]
[Date "2010.07.05"]
[Round "9"]
[White "Kaplan,E"]
[Black "Morgul,E"]
[Result "1-0"]
[WhiteElo "1799"]
[BlackElo "1718"]
[EventDate "2010.06.29"]

1. e4 c6 2. d4 d5 3. exd5 cxd5 4. c4 e6 5. Nc3 Nf6 6. Nf3 Be7 7. Bg5 h6 8.
Bf4 O-O 9. c5 a6 10. Bd3 Nc6 11. O-O b6 12. cxb6 Qxb6 13. Na4 Qa7 14. Rc1
Bd7 15. a3 Kh8 16. Bc2 Na5 17. Bd3 Nc6 18. Bb1 Rac8 19. Be3 Na5 20. Rxc8
Rxc8 21. Ne5 Be8 22. Nc5 Nc6 23. b4 a5 24. Qd2 axb4 25. axb4 Qb8 26. Nxc6
Bxc6 27. Bf4 Qb6 28. Re1 Ng8 29. Qd3 g6 30. Nxe6 Qxb4 31. Bd2 Bb5 32. Qe3
Qd6 33. Qh3 Kh7 34. Nf4 Bd7 35. Qf3 Bf6 36. Nh5 Be8 37. Bxh6 Kxh6 38. Nxf6
Bd7 39. Nxd5 Be6 40. Qe3+ Kg7 41. Nf4 Nf6 42. Bxg6 fxg6 43. Nxe6+ 1-0

[Event "IsBank TCh-TUR"]
[Site "Konya TUR"]
[Date "2010.07.05"]
[Round "9"]
[White "Reyhan,D"]
[Black "Dogan,A"]
[Result "1-0"]
[WhiteElo "2325"]
[BlackElo "2109"]
[EventDate "2010.06.29"]

1. e4 e6 2. d4 d5 3. Nc3 Nf6 4. e5 Nfd7 5. Nf3 c5 6. dxc5 Nc6 7. Bf4 a6 8.
a3 Bxc5 9. Bd3 Qc7 10. Qe2 Nd4 11. Qd1 Nxf3+ 12. Qxf3 Nxe5 13. Qg3 f6 14.
O-O-O g5 15. Bxe5 Qxe5 16. Qh3 Qf4+ 17. Kb1 Qh4 18. Qf3 g4 19. Qf4 e5 20.
Qa4+ Bd7 21. Qb3 Bc6 22. Nxd5 O-O-O 23. Qc4 Rxd5 24. Bf5+ Kc7 25. Rxd5 Bxd5
26. Qxd5 Kb6 27. Be4 Rb8 28. g3 Qh6 29. Rd1 Bxf2 30. Qb3+ Ka7 31. Rd7 Bb6
32. Qd5 1-0

[Event "IsBank TCh-TUR"]
[Site "Konya TUR"]
[Date "2010.07.05"]
[Round "9"]
[White "Arutinian,D"]
[Black "Galkin,A"]
[Result "1/2-1/2"]
[WhiteElo "2566"]
[BlackElo "2597"]
[EventDate "2010.06.29"]

1. d4 d5 2. c4 e6 3. Nf3 c6 4. Bg5 Be7 5. Bxe7 Qxe7 6. e3 Nf6 7. Nc3 O-O 8.
Rc1 Rd8 9. Qc2 dxc4 10. Bxc4 c5 11. O-O cxd4 12. Nxd4 Bd7 13. Rfd1 Nc6 14.
Nxc6 Bxc6 15. Rxd8+ Rxd8 16. Rd1 h6 17. h3 Rxd1+ 18. Qxd1 Qd7 19. Qxd7 Nxd7
20. a3 Kf8 21. f3 Ke7 22. Kf2 b6 23. Bd3 Nc5 24. Bc2 Nb7 25. h4 Nd6 26. Bd3
g5 27. hxg5 hxg5 28. g3 e5 29. f4 exf4 30. exf4 gxf4 31. gxf4 1/2-1/2

[Event "IsBank TCh-TUR"]
[Site "Konya TUR"]
[Date "2010.07.05"]
[Round "9"]
[White "Borovikov,V"]
[Black "Sanikidze,T"]
[Result "1/2-1/2"]
[WhiteElo "2599"]
[BlackElo "2569"]
[EventDate "2010.06.29"]

1. d4 Nf6 2. Nf3 e6 3. c4 d5 4. Nc3 Be7 5. Bg5 h6 6. Bh4 O-O 7. e3 Ne4 8.
Bxe7 Qxe7 9. Rc1 c6 10. Bd3 Nxc3 11. Rxc3 dxc4 12. Bxc4 b6 13. O-O Bb7 14.
Be2 Nd7 15. Qa4 c5 16. Rfc1 Rfc8 17. Ne1 cxd4 18. Rxc8+ Rxc8 19. Rxc8+ Bxc8
20. Qxd4 Bb7 21. Bf3 Nf6 22. Bxb7 Qxb7 23. Qd8+ Kh7 24. Qd3+ Kg8 25. Qd8+
Kh7 26. Qd3+ Kg8 27. Qd8+ 1/2-1/2

[Event "IsBank TCh-TUR"]
[Site "Konya TUR"]
[Date "2010.07.05"]
[Round "9"]
[White "Tandogan,Buket"]
[Black "Bal,Sevgican"]
[Result "1/2-1/2"]
[WhiteElo "1553"]
[BlackElo "1609"]
[EventDate "2010.06.29"]

1. e4 c5 2. Nf3 Nc6 3. d4 cxd4 4. Nxd4 Qb6 5. Nb3 Nf6 6. Nc3 e6 7. Be3 Qc7
8. f4 Bb4 9. Bd3 Bxc3+ 10. bxc3 d5 11. Qf3 dxe4 12. Bxe4 Nxe4 13. Qxe4 O-O
14. O-O e5 15. fxe5 Qxe5 16. Qxe5 Nxe5 17. Bd4 Ng6 18. Rae1 b6 19. Nd2 Ba6
20. Rf3 h6 21. Rfe3 Rac8 22. Nf3 Bb7 23. Ne5 Nf4 24. Rg3 Ne6 25. Re2 Rfd8
26. Rd2 Be4 27. Nf3 Nxd4 28. Nxd4 Bxc2 29. Rxc2 Rxd4 30. Re2 Rd7 31. Rf3
Rdc7 32. Ree3 b5 33. a3 a6 34. Rd3 a5 35. Kf2 Rc4 36. Rd5 R4c5 37. Rdd3
R8c7 38. h3 Rc4 39. Rd5 Rxc3 40. Rxb5 Rxf3+ 41. gxf3 Ra7 42. a4 Ra6 43. Ke3
g5 44. Rf5 Kg7 45. Kd4 Kg6 46. Rd5 Rf6 47. Ke3 Re6+ 48. Kd4 1/2-1/2

[Event "IsBank TCh-TUR"]
[Site "Konya TUR"]
[Date "2010.07.05"]
[Round "9"]
[White "Guramishvili,S"]
[Black "Dincel,M"]
[Result "1-0"]
[WhiteElo "2289"]
[BlackElo "1824"]
[EventDate "2010.06.29"]

1. Nf3 e6 2. c4 b6 3. g3 Bb7 4. Bg2 f5 5. O-O Nf6 6. Nc3 Be7 7. d4 Ne4 8.
Qc2 Nxc3 9. Qxc3 Bf6 10. Qd2 d6 11. b3 O-O 12. Bb2 Nd7 13. Ne1 Bxg2 14.
Nxg2 g5 15. f4 h6 16. Rae1 Qe7 17. e4 Qg7 18. exf5 exf5 19. Ne3 Qh7 20. Qg2
gxf4 21. Rxf4 Bg5 22. Nxf5 Bxf4 23. gxf4+ Kh8 24. d5+ Nf6 25. Re7 Rf7 26.
Bxf6+ 1-0

[Event "IsBank TCh-TUR"]
[Site "Konya TUR"]
[Date "2010.07.05"]
[Round "9"]
[White "Komut,K"]
[Black "Serin,S"]
[Result "1/2-1/2"]
[WhiteElo "1937"]
[BlackElo "1719"]
[EventDate "2010.06.29"]

1. e4 c5 2. Nf3 d6 3. c3 e6 4. Bd3 Nc6 5. Bc2 g6 6. O-O Bg7 7. Re1 Nge7 8.
d3 O-O 9. Nbd2 d5 10. Qe2 d4 11. c4 e5 12. a3 Qc7 13. Nf1 Bd7 14. Bd2 b6
15. Ng3 Nc8 16. Ba4 Nd6 17. Bxc6 Bxc6 18. h4 Rae8 19. h5 f5 20. hxg6 hxg6
21. Bg5 f4 22. Nf1 Nf7 23. N1h2 Bd7 24. Reb1 Nxg5 25. Nxg5 Bh6 26. Nh3 Qc8
27. Qf3 Rf6 28. g4 g5 29. Kf1 Rg6 30. Ke2 Kf7 31. Qg2 Rh8 32. f3 Bf8 33.
Nf1 Be7 34. b3 Qc7 35. Rb2 Bc6 36. Rab1 1/2-1/2

[Event "IsBank TCh-TUR"]
[Site "Konya TUR"]
[Date "2010.07.05"]
[Round "9"]
[White "Afyoncu,O"]
[Black "Salepci,O"]
[Result "1-0"]
[WhiteElo "2087"]
[BlackElo "2130"]
[EventDate "2010.06.29"]

1. e4 e5 2. Nc3 Nf6 3. Nf3 Bb4 4. d3 Nc6 5. g3 d5 6. exd5 Nxd5 7. Bd2 Bg4
8. h3 Be6 9. Bg2 f6 10. a3 Nxc3 11. bxc3 Bc5 12. O-O Qd7 13. Kh2 Rd8 14. c4
O-O 15. Bc3 e4 16. Ne1 exd3 17. Nxd3 Bd4 18. Bxd4 Qxd4 19. Rb1 Bxc4 20.
Rxb7 Qd6 21. Re1 Ba6 22. Rb3 Nd4 23. Rc3 Nxc2 24. Qxc2 Bxd3 25. Qb3+ Kh8
26. Rd1 Bc2 27. Rxd6 1-0

[Event "IsBank TCh-TUR"]
[Site "Konya TUR"]
[Date "2010.07.05"]
[Round "9"]
[White "Haznedaroglu,K"]
[Black "Karatekin,T"]
[Result "1-0"]
[WhiteElo "2501"]
[BlackElo "2265"]
[EventDate "2010.06.29"]

1. e4 g6 2. d4 Bg7 3. Nf3 d6 4. Nc3 a6 5. a4 b6 6. Bc4 e6 7. Bg5 Ne7 8. Qd2
h6 9. Be3 Nd7 10. h4 Nf6 11. e5 Ng4 12. exd6 cxd6 13. Bf4 Bb7 14. Qe2 Nf5
15. O-O-O O-O 16. h5 b5 17. Bb3 b4 18. Na2 Qf6 19. hxg6 a5 20. gxf7+ Kxf7
21. Rhe1 Rfe8 22. Kb1 Ba6 23. Qd2 Kg6 24. Bxd6 Nxd6 25. Ne5+ Kf5 26. f3
Nxe5 27. dxe5 Qg5 28. g4+ Kg6 29. Qxd6 Qe7 30. Qb6 Bb7 31. Rd6 Ra6 32.
Rxe6+ Qxe6 33. Qxb7 Rb6 34. Qe4+ 1-0

[Event "IsBank TCh-TUR"]
[Site "Konya TUR"]
[Date "2010.07.05"]
[Round "9"]
[White "Mirzoev,A"]
[Black "Esen,B"]
[Result "1/2-1/2"]
[WhiteElo "2555"]
[BlackElo "2521"]
[EventDate "2010.06.29"]

1. d4 Nf6 2. Nf3 e6 3. g3 b5 4. Bg2 Bb7 5. O-O c5 6. Na3 Qb6 7. c4 a6 8.
Be3 b4 9. Nc2 a5 10. a3 Na6 11. Nce1 cxd4 12. Bxd4 Bc5 13. axb4 Nxb4 14.
Bxf6 gxf6 15. Nd2 h5 16. Ne4 d5 17. cxd5 Nxd5 18. Nxc5 Qxc5 19. Nd3 Qb6 20.
h4 Rg8 21. Kh2 Ke7 22. Qd2 Nb4 23. Bxb7 Qxb7 24. Nf4 Qb5 25. Rfc1 Rgc8 26.
e3 Nc6 27. Qe2 Rab8 28. Kg2 Qxe2 29. Nxe2 Rxb2 30. Nd4 Na7 31. Rxc8 Nxc8
32. Rxa5 Nd6 33. Ra7+ Kf8 34. Rc7 Ne4 1/2-1/2

[Event "IsBank TCh-TUR"]
[Site "Konya TUR"]
[Date "2010.07.05"]
[Round "9"]
[White "Yuksel,A"]
[Black "Yurtseven,M"]
[Result "1-0"]
[WhiteElo "1975"]
[BlackElo "1964"]
[EventDate "2010.06.29"]

1. e4 c5 2. Nf3 d6 3. d4 cxd4 4. Nxd4 Nf6 5. Nc3 h6 6. Be2 e5 7. Nb3 Be7 8.
O-O a6 9. a4 b6 10. Be3 Bb7 11. Nd5 Nxd5 12. exd5 Nd7 13. f4 O-O 14. Qd2
Nc5 15. Nxc5 dxc5 16. c4 e4 17. f5 Bg5 18. Bxg5 Qxg5 19. Qxg5 hxg5 20. Ra3
Rad8 21. Rb3 Rd6 22. Re3 b5 23. Rb3 Rb6 24. Ra1 b4 25. Re3 Bc8 26. Rf1 Re8
27. Bd1 Re5 28. g4 Rb7 29. h3 f6 30. Rfe1 Rbe7 31. Bc2 g6 32. Rxe4 gxf5 33.
Rxe5 fxe5 34. d6 Re8 35. Rd1 Rd8 36. gxf5 Kf7 37. Kf2 Kf6 38. Ke3 Bd7 39.
Rd5 Bxf5 40. Bxf5 Kxf5 41. d7 b3 42. a5 Kf6 43. Ke4 Ke6 44. Rxe5+ Kf6 45.
Rd5 Ke6 46. Rd3 Kf6 47. Rd6+ Kf7 48. Kd5 1-0

[Event "IsBank TCh-TUR"]
[Site "Konya TUR"]
[Date "2010.07.05"]
[Round "9"]
[White "Inkaya,M"]
[Black "Burneckas,Y"]
[Result "0-1"]
[WhiteElo "1911"]
[BlackElo "1946"]
[EventDate "2010.06.29"]

1. d4 f5 2. Bg5 h6 3. Bf4 Nf6 4. h4 e6 5. Nf3 d6 6. e3 Be7 7. Bd3 Nc6 8. c3
Ng4 9. Qc2 O-O 10. e4 e5 11. Bd2 fxe4 12. Bxe4 d5 13. Bh7+ Kh8 14. dxe5
Ncxe5 15. Nxe5 Nxe5 16. Na3 Bg4 17. Be3 c5 18. f3 Bxh4+ 19. Kd1 Nxf3 20.
gxf3 Bxf3+ 21. Kd2 d4 22. cxd4 cxd4 23. Bxh6 gxh6 24. Qg6 Qg5+ 0-1

[Event "IsBank TCh-TUR"]
[Site "Konya TUR"]
[Date "2010.07.05"]
[Round "9"]
[White "Bolat,A"]
[Black "Yilmaz,M"]
[Result "0-1"]
[WhiteElo "2016"]
[BlackElo "2476"]
[EventDate "2010.06.29"]

1. Nf3 Nf6 2. b3 d5 3. e3 Bf5 4. Bb2 Nbd7 5. Be2 e6 6. O-O Bd6 7. c4 h6 8.
d4 c6 9. Nbd2 Qb8 10. Rc1 O-O 11. Re1 Bh7 12. Nf1 Ne4 13. a3 a5 14. N3d2
Qd8 15. f3 Nxd2 16. Qxd2 Qe7 17. c5 Bc7 18. b4 axb4 19. axb4 e5 20. Ra1
Rxa1 21. Bxa1 Re8 22. Bc3 Nf8 23. b5 Ne6 24. b6 Bb8 25. g3 g5 26. Bd3 Bxd3
27. Qxd3 Qf6 28. Kg2 h5 29. Qd1 Qg6 30. Nd2 Kf8 31. Nb3 e4 32. Rf1 exf3+
33. Qxf3 g4 34. Qf5 Qxf5 35. Rxf5 Ng7 36. Rf2 Rxe3 37. Rc2 h4 38. gxh4 Nf5
39. Na5 Re7 40. Rf2 Nxh4+ 41. Kf1 Kg7 42. Re2 Rd7 43. h3 gxh3 44. Re3 h2
45. Rh3 Nf5 46. Be1 Re7 47. Bf2 Bg3 48. Bxg3 h1=Q+ 0-1

[Event "IsBank TCh-TUR"]
[Site "Konya TUR"]
[Date "2010.07.05"]
[Round "9"]
[White "Kucumenler,T"]
[Black "Erdogdu,M"]
[Result "0-1"]
[WhiteElo "2111"]
[BlackElo "2458"]
[EventDate "2010.06.29"]

1. d4 Nf6 2. c4 g6 3. Nc3 Bg7 4. e4 d6 5. Nf3 O-O 6. h3 e5 7. dxe5 dxe5 8.
Be3 Nbd7 9. c5 Qe7 10. b4 a5 11. a3 Rd8 12. Qc1 c6 13. Bc4 b6 14. Ng5 Rf8
15. O-O bxc5 16. bxa5 Rxa5 17. Qb2 Ne8 18. Rfd1 Nd6 19. Be2 h6 20. Nf3 Ra8
21. Qd2 Nb7 22. Bxh6 Na5 23. Rab1 Re8 24. Bxg7 Kxg7 25. Qd6 Nf6 26. Qxe7
Rxe7 27. Rb6 Nd7 28. Rb2 c4 29. Nd2 Ba6 30. Rb4 Nc5 31. Nxc4 Nab3 32. Nb6
Bxe2 33. Nxe2 Rxa3 34. Nc4 Ra2 35. Ng3 Kf6 36. Rb6 Nd4 37. Ne3 Kg7 38. Nc4
Ra4 39. Ne3 Rea7 40. Rc1 Nd3 41. Rd1 Ra1 42. Rbb1 Rxb1 43. Rxb1 Kf6 44. Rd1
Ra3 45. Nc4 Rc3 46. Ne3 Ke6 47. Ra1 f5 48. exf5+ gxf5 49. Nef1 Rc2 50. Ne3
Rxf2 51. Rd1 f4 52. Rxd3 fxg3 53. Rd1 Ne2+ 54. Kh1 Nf4 55. Rc1 c5 56. Re1
Ne2 57. Ra1 e4 58. Ra6+ Ke5 59. Ra1 Kd4 60. Ng4 e3 61. Rd1+ Ke4 62. Re1 0-1

[Event "IsBank TCh-TUR"]
[Site "Konya TUR"]
[Date "2010.07.05"]
[Round "9"]
[White "Marasli,T"]
[Black "Pantsulaia,L"]
[Result "1/2-1/2"]
[WhiteElo "2185"]
[BlackElo "2587"]
[EventDate "2010.06.29"]

1. e4 c5 2. Nf3 e6 3. d4 cxd4 4. Nxd4 Nf6 5. Bd3 a6 6. Nc3 Qb6 7. Nb3 Qc7
8. O-O b5 9. a3 Bb7 10. Qe2 d6 11. f4 Nbd7 12. Kh1 g6 13. Bd2 Bg7 14. Rae1
O-O 15. Nd1 Nc5 16. Nxc5 dxc5 17. c3 Rfd8 18. Nf2 Nh5 19. e5 f5 20. exf6
Nxf6 21. Qxe6+ Kh8 22. Bc1 Bc8 23. Qe3 Qc6 24. Be4 Nxe4 25. Qxe4 Bb7 26.
Qxc6 Bxc6 27. Rd1 Kg8 28. Kg1 Kf7 29. Rxd8 Rxd8 30. Rd1 Rxd1+ 31. Nxd1
1/2-1/2

[Event "IsBank TCh-TUR"]
[Site "Konya TUR"]
[Date "2010.07.05"]
[Round "9"]
[White "Yilmazyerli,M"]
[Black "Zeytinoglu,N"]
[Result "1/2-1/2"]
[WhiteElo "2295"]
[BlackElo "1927"]
[EventDate "2010.06.29"]

1. Nf3 c5 2. c4 Nc6 3. Nc3 g6 4. g3 b6 5. d4 cxd4 6. Nxd4 Bb7 7. Bg2 Bg7 8.
e3 Qc8 9. O-O Nh6 10. Nxc6 Bxc6 11. e4 O-O 12. Be3 d6 13. Bf4 Ng4 14. Re1
Ne5 15. Rc1 Qb7 16. b3 Rfe8 17. Nd5 Rac8 18. Be3 Bd7 19. a4 Bg4 20. Bd4 Be6
21. Qd2 Nd7 22. f4 Bxd4+ 23. Re3 1/2-1/2

[Event "IsBank TCh-TUR"]
[Site "Konya TUR"]
[Date "2010.07.05"]
[Round "9"]
[White "Kazdagli,B"]
[Black "Suer,U"]
[Result "1-0"]
[WhiteElo "1823"]
[BlackElo "1793"]
[EventDate "2010.06.29"]

1. e4 e6 2. d4 d5 3. Nc3 dxe4 4. Nxe4 Nd7 5. Nf3 Ngf6 6. Nxf6+ Nxf6 7. c3
Be7 8. Bd3 h6 9. Be3 O-O 10. Ne5 Re8 11. Qe2 a6 12. h4 Qd5 13. O-O-O Qxa2
14. Bb1 Qa5 15. Qd3 Bd6 16. g4 Bxe5 17. dxe5 Qxe5 18. g5 hxg5 19. hxg5 Nd7
20. Rh8+ 1-0

[Event "IsBank TCh-TUR"]
[Site "Konya TUR"]
[Date "2010.07.05"]
[Round "9"]
[White "Sasmazel,B"]
[Black "Yigit,A"]
[Result "1-0"]
[WhiteElo "1876"]
[BlackElo "1734"]
[EventDate "2010.06.29"]

1. e4 e5 2. Nf3 Nc6 3. Bc4 Bc5 4. d3 Nf6 5. c3 d6 6. O-O Bb6 7. Re1 O-O 8.
Nbd2 Ne7 9. Nf1 Ng6 10. Ng3 h6 11. Be3 c6 12. Bb3 Re8 13. d4 d5 14. dxe5
Nxe5 15. Bxb6 Nxf3+ 16. Qxf3 Qxb6 17. exd5 Bg4 18. Qf4 cxd5 19. h3 Be6 20.
Ne2 Ne4 21. Nd4 Nc5 22. Re2 Rad8 23. Re3 Qd6 24. Qxd6 Rxd6 25. Rd1 Nxb3 26.
axb3 a6 27. Kf1 Red8 28. Rde1 Re8 29. f4 Kf8 30. Kf2 Bd7 31. Rxe8+ Bxe8 32.
Re5 f6 33. Re3 Bd7 34. Ke2 Kf7 35. Kd3 Be6 36. Nxe6 Rxe6 37. Rg3 b5 38. b4
Re4 39. Rf3 f5 40. g3 Kf6 41. Rf1 Re6 42. Kd4 Re2 43. Kxd5 Rxb2 44. Ra1
Rd2+ 45. Kc5 Rd3 46. Rxa6+ Kf7 47. Kxb5 Rxc3 48. g4 Rxh3 49. gxf5 Rh5 50.
Kc6 Rh2 51. b5 Rc2+ 52. Kb7 h5 1-0

[Event "IsBank TCh-TUR"]
[Site "Konya TUR"]
[Date "2010.07.05"]
[Round "9"]
[White "Baglan,E"]
[Black "Emiroglu,C"]
[Result "0-1"]
[WhiteElo "1800"]
[BlackElo "2100"]
[EventDate "2010.06.29"]

1. e4 c5 2. Nf3 Nc6 3. d4 cxd4 4. Nxd4 g6 5. Nc3 Bg7 6. Be3 Nf6 7. Bc4 O-O
8. Bb3 d6 9. f3 Bd7 10. Qd2 Nxd4 11. Bxd4 b5 12. a4 b4 13. Nd5 Nxd5 14.
exd5 Bxd4 15. Qxd4 a5 16. O-O Rc8 17. Rfe1 Rc5 18. Re2 Bc8 19. Rae1 Re8 20.
h4 Qc7 21. h5 Qa7 22. Kh2 Rc7 23. Qf4 Ba6 24. Re3 Kg7 25. h6+ Kf8 26. Re6
f5 27. Qg5 Kf7 28. Rxg6 hxg6 29. Re6 Rg8 30. h7 Rcc8 31. hxg8=Q+ Rxg8 32.
Qe3 Rc8 33. c3 bxc3 34. bxc3 f4 35. g3 g5 36. gxf4 gxf4 37. Kh3 0-1

[Event "IsBank TCh-TUR"]
[Site "Konya TUR"]
[Date "2010.07.05"]
[Round "9"]
[White "Atalik,E"]
[Black "Ozturk,Ku"]
[Result "1-0"]
[WhiteElo "2444"]
[BlackElo "2273"]
[EventDate "2010.06.29"]

1. d4 d5 2. c4 dxc4 3. e4 e5 4. Nf3 exd4 5. Bxc4 Nc6 6. O-O Be6 7. Bb5 Bc5
8. b4 Bb6 9. a4 a5 10. bxa5 Rxa5 11. Bb2 Nge7 12. Nbd2 O-O 13. Ng5 Bd7 14.
Nc4 Ra8 15. Nxb6 cxb6 16. f4 h6 17. Nf3 Na5 18. Qxd4 1-0

[Event "IsBank TCh-TUR"]
[Site "Konya TUR"]
[Date "2010.07.05"]
[Round "9"]
[White "Asikuzun,B"]
[Black "Firat,B"]
[Result "0-1"]
[WhiteElo "1836"]
[BlackElo "2403"]
[EventDate "2010.06.29"]

1. e4 e6 2. d4 d5 3. Nd2 Nf6 4. Bd3 c5 5. c3 cxd4 6. cxd4 dxe4 7. Nxe4 Bb4+
8. Nc3 O-O 9. Nge2 b6 10. O-O Bb7 11. Bg5 Be7 12. Bc2 Nc6 13. a3 Rc8 14.
Qd3 g6 15. Rfd1 Nd5 16. Bh6 Re8 17. Ba4 a6 18. Nxd5 Qxd5 19. Nf4 Qa5 20.
Bb3 Bg5 21. Qh3 Bxh6 22. Qxh6 Qf5 23. Nh3 Qf6 24. Ng5 Qg7 25. Qh4 h6 26.
Nf3 Na5 27. Ba2 Bxf3 28. gxf3 Nc6 29. Qe4 Ne7 30. Rd2 Rcd8 31. Rad1 Kh7 32.
Qb7 Qf6 33. Rd3 Nf5 34. Qxb6 Re7 35. R1d2 Rc8 36. Kf1 Rc1+ 37. Kg2 h5 38.
Bb3 Qg5+ 39. Kh3 Rg1 0-1

[Event "IsBank TCh-TUR"]
[Site "Konya TUR"]
[Date "2010.07.05"]
[Round "9"]
[White "Patel,Y"]
[Black "Yolal,Sena Gokcen"]
[Result "1-0"]
[WhiteElo "1782"]
[BlackElo "1662"]
[EventDate "2010.06.29"]

1. e4 c5 2. Nf3 d6 3. d4 cxd4 4. Qxd4 Nc6 5. Bb5 Bd7 6. Bxc6 Bxc6 7. Nc3
Nf6 8. Bg5 e6 9. O-O-O Be7 10. Rhe1 O-O 11. Qd2 a6 12. Nd4 Rc8 13. f3 b5
14. g4 b4 15. Nce2 a5 16. Ng3 Nd7 17. Bxe7 Qxe7 18. f4 Nb6 19. Kb1 Qc7 20.
f5 Qe7 21. Nh5 Nc4 22. Qc1 Rfd8 23. f6 Qf8 24. fxg7 Qe7 25. Qh6 1-0